• 首页
  • 本馆介绍
  • 公告通知
  • 最新文献
  • 馆藏检索
  • 电子资源
  • 读者导购
  • 参考咨询
  • 我的图书馆
  • 登录
  • 详细信息显示
  • 放入我的书架
  • 预约/预借图书
  • 作者相关作品
  • 分类相关作品
  • 丛书相关作品
  • 出版社相关作品

书目信息

  • 表格格式
  • 工作单格式
  • 卡片格式
题名:
服装专业英语
    
 
作者: 王强 , 白莉红 主编
分册:  
出版信息: 北京   化工工业出版社  2010.06
页数: 177页
开本: 26cm
丛书名:
单 册:
中图分类: H31:TS941
科图分类:
主题词: 英语
电子资源:
ISBN: 978-7-122-00637-0
000 00647nam0 2200217 450
001 1135634358
005 20110610095921.51
010    @a978-7-122-00637-0@dCNY20.00
100    @a20110610d2010 km y0chiy0120 ea
101 0  @achi
102    @aCN@b110000
200 1  @a服装专业英语@Afu zhuang zhuan ye ying yu@f王强,白莉红主编@Fwang qiang,bai li hong zhu bian
210    @a北京@c化工工业出版社@d2010.06
215    @a177页@d26cm
300    @a高职高专"十一五"规划教材
606 0  @a英语
690    @aH31:TS941@v5
701  0 @a王强@Awang qiang@4主编
701  0 @a白莉红@Abai li hong@4主编
801  0 @aCN@bNISOFT@c20110610
905    @aBZT@dH31:TS941@e2
    
    服装专业英语/王强,白莉红主编.-北京:化工工业出版社,2010.06
    177页;26cm
    高职高专"十一五"规划教材
    
    ISBN 978-7-122-00637-0:CNY20.00
    
●
相关链接 在五车中查询图书 在当当中查询图书 在豆瓣中查询图书


正题名:服装专业英语     索取号:H31:TS941/2         预约/预借

序号 登录号 条形码 馆藏地/架位号 状态 备注
1 790984   2000790984   样本书库/样001架B面3层1列/ [索取号:H31:TS941/2] 在馆    
2 790985   2000790985   中心书库中库/ 中库037架B面4列3层31/ [索取号:H31:TS941/2] 在馆    
3 790986   2000790986   中心书库中库/ 中库037架B面4列3层30/ [索取号:H31:TS941/2] 在馆    
4 790987   2000790987   中心书库中库/ 中库037架B面4列3层34/ [索取号:H31:TS941/2] 在馆    
5 790988   2000790988   中心书库中库/ 中库037架B面4列3层33/ [索取号:H31:TS941/2] 在馆    
6 790989   2000790989   中心书库中库/ 中库037架B面4列3层32/ [索取号:H31:TS941/2] 在馆    
山东省滨州职业学院图书馆 欢迎您!
大连网信软件有限公司© 版权所有